Xác suất thống kê

Bewaard in:
Bibliografische gegevens
Hoofdauteur: Đào, Hữu Hồ
Formaat: Boek
Taal:Undetermined
Gepubliceerd in: Hà Nội Khoa học và Kỹ thuật 2002
Onderwerpen:
Tags: Voeg label toe
Geen labels, Wees de eerste die dit record labelt!
Thư viện lưu trữ: Trung tâm Học liệu Trường Đại học Cần Thơ
LEADER 00536nam a2200193Ia 4500
001 CTU_63014
008 210402s9999 xx 000 0 und d
020 |b 18000 
082 |a 519.2 
082 |b H450 
100 |a Đào, Hữu Hồ 
245 0 |a Xác suất thống kê 
245 0 |c Đào Hữu Hồ 
260 |a Hà Nội 
260 |b Khoa học và Kỹ thuật 
260 |c 2002 
650 |a Statistics 
904 |i Minh (Nguyên sửa) 
980 |a Trung tâm Học liệu Trường Đại học Cần Thơ